000
00321nam a2200145Ia 4500
008
100415s9999 xx 000 0 und d
082
_b
9094
_a
595.796
100
_a
Huxley Julian
245
_a
Ants
260
_a
LONDON
_c
1934
_b
DENNIS DOBSON LTD
365
_b
0
630
_a
Ants
730
_a
Ants
942
_c
BOOK
999
_c
592033
_d
592030